|
|
|
|
| LEADER |
00000nam0a2200000 4500 |
| 001 |
251258 |
| 005 |
20231101232636.0 |
| 010 |
|
|
|a 9785438300717
|
| 035 |
|
|
|a (RuTPU)RU\TPU\book\273526
|
| 090 |
|
|
|a 251258
|
| 100 |
|
|
|a 20140220d2014 m y0rusy50 ca
|
| 101 |
0 |
|
|a rus
|
| 102 |
|
|
|a RU
|
| 105 |
|
|
|a y j 001zy
|
| 200 |
1 |
|
|a Защита интеллектуальных прав: понятие, способы защиты, особенности защиты в деятельности таможенных органов
|e учебное пособие для вузов
|f В. С. Синенко
|
| 210 |
|
|
|a Санкт-Петербург
|c Интермедия
|d 2014
|
| 215 |
|
|
|a 224 с.
|
| 320 |
|
|
|a Библиогр.: с. 221-224.
|
| 330 |
|
|
|a Учебное пособие содержит изложение системы правовых мер, предусмотренных действующим законодательством, в отношении защиты интеллектуальных прав. В нем даны как теоретические основы понятия, правовой природы и видов интеллектуальных прав, так и проанализированы отдельные гражданско-правовые способы защиты личных неимущественных и исключительных прав. Отдельному рассмотрению подверглись вопросы правовой охраны интеллек-туальных прав средствами административного и уголовного права, а также проанализированы особенности защиты прав на результаты интеллектуальной деятельности и средств индивидуализации в практике таможенных органов Российской Федерации.
|
| 606 |
1 |
|
|a Таможенное право
|2 stltpush
|3 (RuTPU)RU\TPU\subj\69311
|9 84222
|
| 606 |
1 |
|
|a Интеллектуальная собственность
|x Право
|2 stltpush
|3 (RuTPU)RU\TPU\subj\12805
|9 39522
|
| 610 |
1 |
|
|a таможня
|
| 610 |
1 |
|
|a таможенные операции
|
| 610 |
1 |
|
|a таможенные органы
|
| 610 |
1 |
|
|a интеллектуальная деятельность
|
| 610 |
1 |
|
|a интеллектуальные права
|
| 610 |
1 |
|
|a защита прав
|
| 610 |
1 |
|
|a исключительные права
|
| 610 |
1 |
|
|a административная защита
|
| 610 |
1 |
|
|a уголовно-правовая защита
|
| 610 |
1 |
|
|a таможенный контроль
|
| 610 |
1 |
|
|a учебные пособия
|
| 686 |
|
|
|a Х621.143.1я73
|v LBC/SL-A
|2 rubbk
|
| 686 |
|
|
|a Х623.3я73
|v LBC/SL-A
|2 rubbk
|
| 700 |
|
1 |
|a Синенко
|b В. С.
|g Владимир Сергеевич
|
| 801 |
|
1 |
|a RU
|b 63413507
|c 20140220
|
| 801 |
|
2 |
|a RU
|b 63413507
|c 20150629
|g RCR
|
| 900 |
|
|
|a Защита интеллектуальной собственности и патентоведение
|
| 900 |
|
|
|a Интеллектуальная собственность
|
| 942 |
|
|
|c BK
|
| 959 |
|
|
|a 31/20140220
|d 2
|e 350,00
|f ЧЗГЛ:1
|f АНЛ:1
|